000
00277nam a22001217a 4500
003
SGT
082
_a
080
_b
G14K
100
_a
KAPUR, NEELAM
245
_a
GENERAL ELECTIONS 2014: REFERENCE HANDBOOK
260
_b
PRESS INFORMATION BUREAU
_c
2014
300
_a
249
942
_2
ddc
_c
BK
999
_c
31461
_d
31461